Statistiken für Fynn Kliemann - Twingo (lyrics)

Klicken Sie hier um das Quiz zu spielen!

Allgemein

  • Dieses Quiz wurde 11 mal gespielt
  • Das Durchschnittsergebnis liegt bei 143 aus 269

Antwortstatistiken

Antwort% Korrekt
der
100%
Twingo
100%
an
90%
an'n
90%
du
90%
Du
90%
Ich
90%
ich
90%
Mit'm
90%
bis
80%
da
80%
die
80%
Und
80%
Arsch
70%
Auf
70%
Heide
70%
in
70%
wir
70%
Wir
70%
dass
60%
hab'
60%
haben
60%
'ne
60%
nicht
60%
wenn
60%
Wie
60%
wie
60%
zum
60%
am
50%
den
50%
dich
50%
durch
50%
fahren
50%
Fahren
50%
fahren,
50%
Im
50%
im
50%
mehr
50%
Nacht
50%
seh'
50%
siehst
50%
Sind
50%
sind
50%
was
50%
was,
50%
wissen
50%
wo
50%
zur
50%
zwei
50%
als
40%
beim
40%
Birne
40%
brauch'
40%
brauch
40%
doch
40%
Drive-by
40%
Erledigen
40%
erste
40%
ewige
40%
fliehen
40%
für's
40%
ganze
40%
Gefühl
40%
Geistern
40%
Geschichten
40%
Halbe
40%
hellwach
40%
heulen
40%
kommt,
40%
Leere
40%
muss
40%
nur
40%
Pissen
40%
Probleme
40%
Rettungsschirme
40%
Sorgen
40%
tausend
40%
Tränensäcke
40%
Trauerweiden
40%
vor
40%
Wartung
40%
Weiten
40%
wird
40%
Xenon
40%
Zeit
40%
zweiten
40%
Arm
30%
Arzt
30%
bleibt,
30%
brechen,
30%
Deine
30%
Fenster
30%
flackern
30%
füllt
30%
Gegenlicht
30%
Gelegentlich
30%
Halten
30%
High-Five,
30%
kann
30%
klappen
30%
klein
30%
kleinen
30%
knallen
30%
Kräftemessen
30%
Langsam
30%
machen
30%
musst
30%
Plan
30%
Pupillen
30%
Rauchen
30%
Scheiß
30%
Scheißegal,
30%
schnell
30%
Schreibmaschine,
30%
Sonne
30%
Speichen
30%
Spiegelbild
30%
Straßenrand
30%
uns
30%
Vergessen,
30%
versprechen,
30%
vorbei
30%
weggedrückt
30%
Zeichen,
30%
dehydriert,
20%
Karre
20%
Kopf
20%
rast
20%
Rückspiegel
20%
Schleifen
20%
schwarz
20%
stark
20%
strahlt,
20%

Verteilung der Resultate

Perzentil nach korrekt beantworteten Fragen

Anzahl Personen mit jedem Resultat

Ihre Resultats-Entwicklung

Sie haben dieses Quiz noch nicht gespielt